| 000 | 00000nas##2200000za#4500 |
| 001 | 9.500714 |
| 003 | CaOODSP |
| 005 | 20200612091505 |
| 007 | cr ||||||||||| |
| 008 | 150406c1999||||xxc|| p o||||f| |0fre|d |
| 040 | |aCaOODSP|bfre |
| 041 | |aeng |
| 041 | |afre |
| 043 | |an-cn--- |
| 086 | 1 |aH72-1/1-PDF |
| 110 | 1 |aCanada. |bSanté Canada. |
| 245 | 10|aRépertoire national des programmes de traitement pour auteurs d'agressions sexuelles sur les enfants / |h[ressource électronique]|cPréparé par le Centre national d'information sur la violence dans la famille. |
| 260 | |aOttawa - Ontario : |bSanté Canada |
| 310 | |aAnnuel |
| 362 | 1 |a1999-- |
| 691 | 07|aCrime sexuel|2gcpds |
| 691 | 07|aViolence faite aux enfants|2gcpds |
| 791 | |tNational inventory of treatment programs for child sexual abuse offenders / |eeng|w(CaOODSP)9.500713 |